Las drogas: conocer y educar para prevenir
Salvato in:
| Autore principale: | |
|---|---|
| Natura: | Libro |
| Lingua: | spagnolo |
| Pubblicazione: |
Madrid
Pirámide
1995
|
| Serie: | Colección Ojos Solares
|
| Soggetti: | |
| Tags: |
Aggiungi Tag
Nessun Tag, puoi essere il primo ad aggiungerne!!
|
MARC
| LEADER | 00000nam a2200000 a 4500 | ||
|---|---|---|---|
| 001 | UCU5446 | ||
| 003 | CL-VaPUC | ||
| 008 | 960604e19950000SP |||||||||||||||||spa|d | ||
| 082 | 0 | 4 | |a 362.29 |b MAC |2 21 |
| 100 | |a Maciá Antón, Diego |e autor |9 533440 | ||
| 245 | 1 | 4 | |a Las drogas: conocer y educar para prevenir |
| 300 | |a 181 p | ||
| 942 | |c BK | ||
| 945 | |d 19960604 00:00:00 |a rbrito | ||
| 260 | |a Madrid |b Pirámide |c 1995 | ||
| 650 | 0 | |a Adicción |9 337026 | |
| 650 | 7 | |a TOXICOMANIA |2 CL-VaPUC |9 307600 | |
| 650 | 7 | |a EDUCACION ANTIDROGADICCION |2 CL-VaPUC |9 331652 | |
| 650 | 7 | |a LUCHA CONTRA LA TOXICOMANIA |2 CL-VaPUC |9 338794 | |
| 650 | 0 | |a Problemas sociales |9 258537 | |
| 650 | 7 | |a EDUCACION SANITARIA |2 CL-VaPUC |9 339099 | |
| 583 | |a last modification |c 19960604 00:00:00 |k Rodrigo Vera | ||
| 490 | 0 | |a Colección Ojos Solares | |
| 999 | |c 248813 |d 248811 | ||
| 952 | |0 0 |1 0 |4 0 |6 362_290000000000000_MAC_1995 |7 0 |8 A |9 265679 |a BIBEDU |b BIBEDU |c ES_NOD |d 2019-11-19 |i 3207005 |o 362.29 MAC 1995 |p 3207005 |r 2023-08-09 |w 2019-11-19 |y BK |k EPE | ||